000 00905nam a2200289 i 4500
003 EG-GICUC
005 20260331062637.0
008 260331s1934 -ukao||fr|||| 001 0 eng d
040 _aEG-GiCUC
_beng
_cEG-GiCUC
_dEG-GiCUC
_erda
041 0 _aeng
082 0 4 _221
_a341.6
_bSN . F
092 0 4 _221
099 _aLaw1 11 341.6 SN . F 1934
100 1 _aSnow, Edgar
_eAuthor.
245 1 4 _aFar Eastern Front /
_cBy Edgar Snow.
264 1 _aLondon :
_bJarrolds Publishers,
_c1934.
300 _a318, VIII pages :
_billustrations,
_c24 cm
336 _2rda content
_atext
337 _2rda media
_aComputer
338 _2rda carrier
_aOnline Resource
504 _aIncludes bibliographical references and index.
546 _aText in English
650 1 4 _aPublic international law
856 4 0 _uhttps://fll.law.cu.edu.eg/fulltext/bks/B11-09057.pdf
905 _a48
942 _2ddc
_cBK
_e21
_n0
999 _c67751
_d67751